| 000 | 00930cam a22002411 4500 | ||
|---|---|---|---|
| 001 | sd 65000006 | ||
| 003 | DLC | ||
| 005 | 20260227112737.0 | ||
| 008 | 771006r1965uuuudcu f000 0 eng c | ||
| 010 | _asd 65000006 | ||
| 035 | _a(OCoLC)3321819 | ||
| 040 |
_aU. S. Dept. of State _cMH _dDLC |
||
| 042 | _apremarc | ||
| 050 | 0 | 0 |
_aD844 _b.R645 |
| 100 | 1 |
_aRostow, W. W. _q(Walt Whitman), _d1916-2003. |
|
| 245 | 1 | 0 |
_aRegional organization: _ba planners perspective. |
| 260 |
_a[Washington] _bDept. of State; [for sale by the Superintendent of Documents, U. S. Govt. Print. Off., _c1965] |
||
| 300 |
_a16 p. _c22 cm. |
||
| 490 | 1 |
_a[United States] Dept. of State. Publication 7923. General foreign policy series, _v203 |
|
| 500 | _a"Reprinted from the Department of State bulletin of June 21, 1965." | ||
| 650 | 0 |
_aWorld politics _y1965-1975. |
|
| 830 | 0 |
_aDepartment of State publication. _pGeneral foreign policy series ; _v203. |
|
| 999 |
_c90102 _d90102 |
||